France
Guardado en:
| Formato: | Libro |
|---|---|
| Lenguaje: | francés |
| Publicado: |
Paris
La Documentation francaise
1999
|
| Materias: | |
| Etiquetas: |
Sin Etiquetas, Sea el primero en etiquetar este registro!
|
MARC
| LEADER | 00000nam a2200000 4500 | ||
|---|---|---|---|
| 001 | c131163 | ||
| 005 | 20221108121612.1 | ||
| 020 | |a 2-11-004189-7 | ||
| 041 | 0 | |a fre | |
| 044 | |a FR | ||
| 245 | 1 | 0 | |a France |
| 264 | 1 | |a Paris |b La Documentation francaise |c 1999 | |
| 300 | |a 272 s. | ||
| 610 | 2 | 0 | |a Francúzsko |
| 610 | 2 | 0 | |a príroda |
| 610 | 2 | 0 | |a geografia |
| 610 | 2 | 0 | |a prostredie krajinné |
| 610 | 2 | 0 | |a prostredie životné |
| 610 | 2 | 0 | |a ekológia |
| 610 | 2 | 0 | |a ochrana prírody |
| 610 | 2 | 0 | |a pamiatky |
| 610 | 2 | 0 | |a história |
| 610 | 2 | 0 | |a armáda |
| 610 | 2 | 0 | |a šport |
| 610 | 2 | 0 | |a zdravotníctvo |
| 610 | 2 | 0 | |a situácia hospodárska |
| 610 | 2 | 0 | |a situácia sociálna |
| 610 | 2 | 0 | |a politika regionálna |
| 610 | 2 | 0 | |a regióny |